BUBT Library Online Catalog

Criminology & Penology (Record no. 3664)

000 -LEADER
fixed length control field 00531nam a2200205Ia 4500
003 - CONTROL NUMBER IDENTIFIER
control field BUBTL
008 - FIXED-LENGTH DATA ELEMENTS--GENERAL INFORMATION
fixed length control field 151213s9999 xx 000 0 und d
082 ## - DEWEY DECIMAL CLASSIFICATION NUMBER
Classification number 364/PAC
100 ## - MAIN ENTRY--PERSONAL NAME
Personal name Pranjape, N.V.
9 (RLIN) 4187
245 ## - TITLE STATEMENT
Title Criminology & Penology
Statement of responsibility, etc. N.V.Pranjape
250 ## - EDITION STATEMENT
Edition statement 12th
260 ## - PUBLICATION, DISTRIBUTION, ETC. (IMPRINT)
Place of publication, distribution, etc. Allahabad
Name of publisher, distributor, etc. Central Law Publications
Date of publication, distribution, etc. c2005
300 ## - PHYSICAL DESCRIPTION
Extent 652 p . :
Dimensions 22 cm.
650 ## - SUBJECT ADDED ENTRY--TOPICAL TERM
Topical term or geographic name as entry element Law
650 ## - SUBJECT ADDED ENTRY--TOPICAL TERM
Topical term or geographic name as entry element Law
9 (RLIN) 4188
700 ## - ADDED ENTRY--PERSONAL NAME
Personal name N.V.Pranjape
9 (RLIN) 4189
856 ## - ELECTRONIC LOCATION AND ACCESS
Password 0
Logon 0
Link text Download
942 ## - ADDED ENTRY ELEMENTS (KOHA)
Source of classification or shelving scheme
Koha item type Books
Holdings
Withdrawn status Lost status Source of classification or shelving scheme Damaged status Not for loan Collection code Permanent location Current location Shelving location Date acquired Inventory number Total Checkouts Full call number Barcode Checked out Date last seen Date last checked out Copy number Price effective from Koha item type Total Renewals
          Non-fiction Bangladesh University of Business and Technology Library Bangladesh University of Business and Technology Library Law Stacks 07/22/2009 6676 2 364/PAC BUBTL-20036676 07/14/2024 07/07/2024 07/07/2024 C-1 09/21/2021 Books  
          Non-fiction Bangladesh University of Business and Technology Library Bangladesh University of Business and Technology Library Law Stacks 07/22/2009 6677 4 364/PAC BUBTL-20036677   08/20/2024 07/10/2024 C-2 09/21/2021 Books  
          Non-fiction Bangladesh University of Business and Technology Library Bangladesh University of Business and Technology Library Law Stacks 07/22/2009 6678 3 364/PAC BUBTL-20036678 07/21/2024 07/14/2024 07/14/2024 C-3 09/21/2021 Books 2
          Non-fiction Bangladesh University of Business and Technology Library Bangladesh University of Business and Technology Library Law Stacks 07/22/2009 6679 2 364/PAC BUBTL-20036679 07/22/2024 07/15/2024 07/15/2024 C-4 09/21/2021 Books  
        Not For Loan Non-fiction Bangladesh University of Business and Technology Library Bangladesh University of Business and Technology Library Law Stacks 07/22/2009 6680   364/PAC BUBTL-20036680   09/21/2021   C-5 09/21/2021 Books  
        Not For Loan Non-fiction Bangladesh University of Business and Technology Library Bangladesh University of Business and Technology Library Law Stacks 07/22/2009 6681   364/PAC BUBTL-20036681   09/21/2021   C-6 09/21/2021 Books  

More Information About Library

Library Hours

  • Open: 9.00 am. to 9.00 pm.
  • Only Sunday: 9.00 am. to 6.00 pm.
  • Closed: Holiday

Contact to the University

Bangladesh University of Business and Technology Library

  • Mirpurl-2, 1216.
  • Phone:
  • Fax:
  • E-Mail: admin.library@bubt.edu.bd

Contact to the Library

Contact Person:

Md. Abdul Hakim Shah
Joint Librarian
PABX No:  113
Cell No: 01816332931
E-mail: official: admin.library@bubt.edu.bd
Personal: hakim.shah@bubt.edu.bd


BUBT Library

Copyright © 2021